000 00651na a2200229 4500
001 19338
003 MIRAKIL
005 20181213155105.0
008 161213b tu 000 0
020 _a9786053781660
040 _aMilas
_btur
_cTR-AnCHP
041 _atur
082 _a370.56653
_bE42 2010
090 _a370.56653 E42 2010
245 _aElazığ eğitim tarihi
_cElazığ Milli Eğitim Müdürlüğü
260 _aElazığ
_bElazığ Milli Eğitim Müdürlüğü
_c2010
300 _a281 s.
_c24 sm.
500 _aDizin var.
650 _aEğitim
_xTarih
_zTürkiye
651 _aElazığ
_xEğitim ve öğretim
942 _2ddc
_cBKS
999 _c6352
_d6352